Normal view
MARC view
Entry Topical Term
001 - CONTROL NUMBER
- control field: 26428
003 - CONTROL NUMBER IDENTIFIER
- control field: ARRUPE
005 - DATE AND TIME OF LATEST TRANSACTION
- control field: 20161004114520.0
008 - FIXED-LENGTH DATA ELEMENTS
- fixed length control field: 161004|| aca||aabn | a|a d
040 ## - CATALOGING SOURCE
- Original cataloging agency: ARRUPE
- Transcribing agency: ARRUPE
150 ## - HEADING--TOPICAL TERM
- Topical term or geographic name as entry element: Mugabe, Robert
- General subdivision: Zimbabwe
- General subdivision: Politics
- Chronological subdivision: 1980
670 ## - SOURCE DATA FOUND
- Source citation: Work cat.: (ARRUPE)25798: Smith, David 26427, Mugabe